| 000 | 00645nam a22002293 4500 | ||
|---|---|---|---|
| 001 | 21645 | ||
| 003 | BD-RJUL | ||
| 005 | 20211209000719.0 | ||
| 008 | 140305s1917 enk 000 0 | ||
| 035 | _a(BD-RJUL)21710 | ||
| 040 |
_aBD-RjUL _beng _cBD-RjUL |
||
| 041 | _aeng | ||
| 082 |
_a824 _bSTF 1917 |
||
| 100 | 1 |
_aStevenson, Robert Louis. _956475 |
|
| 245 | 1 | 0 |
_aFamiliar studies of men and books. Fine-paper ed. _cRobert Louis Stevenson |
| 260 |
_aLondon : _c1917. _bChatto & windus, |
||
| 300 |
_c14 cm. _a274 p. ; |
||
| 690 | 0 | 0 |
_aLiterature _xGeneral _2pre20 _938 |
| 752 |
_aEngland _dLondon |
||
| 942 |
_2ddc _cBK |
||
| 999 |
_c21645 _d21645 |
||